Statistics for Honky Tonk Badonkadonk - Trace Adkins - All Lyrics

Click here to take the quiz!

General Stats

  • This quiz has been taken 4 times
  • The average score is 240 of 405

Answer Stats

Answer% Correct
Aw,
100%
badonkadonk
100%
badonkadonk)
100%
honky
100%
Oh,
100%
ooh-wee,
100%
oughta
100%
to
100%
tonk
100%
Woo
100%
a
75%
along
75%
and
75%
And
75%
but
75%
can
75%
can't
75%
do
75%
Donkey
75%
for
75%
get
75%
grandma
75%
her
75%
him
75%
his
75%
Kong
75%
like
75%
make
75%
mouth,
75%
my
75%
on
75%
out
75%
phone
75%
she
75%
She
75%
sheriff
75%
shut
75%
slap
75%
swing
75%
that
75%
That
75%
that,
75%
(That
75%
the
75%
T.W.'s
75%
wanna
75%
what
75%
when
75%
ya
75%
Yeah,
75%
you
75%
You
75%
your
75%
ain't
50%
at
50%
At
50%
ball,
50%
be
50%
blame
50%
boy,
50%
britches
50%
chair
50%
comes,
50%
comes
50%
damn
50%
dance
50%
done
50%
don't
50%
even
50%
favorite
50%
feet
50%
gave
50%
girlfriend
50%
go,
50%
goin'
50%
good
50%
Got
50%
have
50%
here
50%
Here
50%
how'd
50%
is
50%
it
50%
It
50%
keep
50%
know
50%
law,
50%
leave
50%
Lord
50%
Lord,
50%
loud
50%
love
50%
mama
50%
mercy,
50%
might
50%
money,
50%
money-maker
50%
Now,
50%
Ol'
50%
ol'
50%
play
50%
right?
50%
right,
50%
right
50%
see
50%
slapped
50%
So
50%
so
50%
some
50%
son
50%
song,
50%
stare
50%
them
50%
There
50%
there,
50%
This
50%
Turn
50%
up
50%
us
50%
watch
50%
we
50%
We
50%
we're
50%
why
50%
With
50%
about
25%
again
25%
all
25%
band
25%
Band
25%
barely
25%
beer
25%
Boys,
25%
boys
25%
care
25%
darts
25%
down
25%
drinkin',
25%
eight
25%
fault,
25%
Feelin'
25%
free
25%
gets
25%
glory
25%
hangin'
25%
hard
25%
hate
25%
help
25%
honey,
25%
honey
25%
if
25%
I'm
25%
in
25%
It’s
25%
it's
25%
Keepin'
25%
left,
25%
Left,
25%
left
25%
listen
25%
look,
25%
near
25%
not
25%
Our
25%
perfect
25%
Poor
25%
rhythm,
25%
shakin'
25%
shootin'
25%
start
25%
tall,
25%
ten
25%
they
25%
three
25%
throwin'
25%
'til
25%
touch
25%
two,
25%
urge
25%
wall
25%
workin'
25%
Alright,
0%
better
0%
crazy,
0%
distance
0%
Drivin'
0%
everybody
0%
fell
0%
hands,
0%
Hustlers
0%
put
0%
shuts
0%
talkin'
0%
That's
0%
That’s
0%
that's
0%
think
0%
whiskey
0%

Score Distribution

Percentile by Number Answered

Percent of People with Each Score

Your Score History

You have not taken this quiz